Real or Fake - Celebrity Names - Statistics

General Stats
  • This quiz has been taken 48 times
  • The average score is 6 of 10
Answer Stats
Question Answer % Correct
Billy Joel Real
78%
Steve Jobs Real
78%
Bill Gates Real
78%
Jimmy Donaldson Real
78%
Mark Twain Fake
67%
Dr. Seuss Fake
67%
Guy Fieri Real
56%
Miley Cyrus Real
56%
Elton John Fake
44%
Oliver Brotherhood Real
22%
No matching quizzes found
Score Distribution
Percent of People with Each Score
Percentile by Number Answered
Your Score History
You have not taken this quiz